| 000 | 01380cam a22003974i 4500 | ||
|---|---|---|---|
| 003 | PE-LiUPU | ||
| 005 | 20250731183425.0 | ||
| 008 | 150616s r 000 0 d | ||
| 020 | _a8422009331 | ||
| 035 | _a(Sirsi) i9788422009337 | ||
| 040 |
_aPE-LiUPU _bspa _cPE-LiUPU _erda |
||
| 049 | _aPRUA | ||
| 082 | 0 | 4 |
_a703 _bM95 _221 |
| 110 | 2 | _aEdiciones Rioduero | |
| 245 | 1 | 0 |
_aDiccionarios Rioduero : _bArte II. _n2. |
| 264 | 1 |
_aMadrid : _bEdiciones Rioduero, _c1979. |
|
| 300 |
_a347 páginas : _bilustraciones fotos, dibjs. ; _c20 centímetros |
||
| 336 |
_atext _2rdacontent |
||
| 337 |
_aunmediated _2rdamedia |
||
| 338 |
_avolume _2rdacarrier |
||
| 504 | _aIncluye bibliografía. | ||
| 505 | 0 | _aDiccionarios Rioduero: Arte (A-Z). | |
| 526 | _aP158 | ||
| 526 | _aP146 | ||
| 526 | _aP17 | ||
| 526 | _aP12 | ||
| 526 | _aP06 | ||
| 650 | 0 | 4 | _aARTE - ENCICLOPEDIAS Y DICCIONARIOS. |
| 910 |
_ajck _bjvq _cjck |
||
| 942 |
_2ddc _cBOOK |
||
| 949 |
_a703 M95 2 _wDEWEY _c1 _i25451 _lCCODEBUL1 _mBUL _r0 _sY _tBOOK _u2015-4-23 _xINGENIERIA _zUNKNOWN _0COMPRA _o.STAFF. Colección General |
||
| 994 |
_aC0 _bPEPRU |
||
| 596 | _a1 | ||
| 999 |
_a703 M95 2 _wDEWEY _c51032 _i25451 _f2021-11-5 _g7 _lCCODEBUL1 _mBUL _r0 _sY _tBOOK _u2015-4-23 _xBIBLIOTECA _zUNKNOWN _0COMPRA _o.STAFF. Colección General _d51032 |
||
| 980 |
_81 _gALBERTO SANCHEZ Responsable de Automatización |
||